000 00935nam a2200289 a 4500
008
020 _a0340501294 (pbk.)
049 _aMAIN
090 0 0 _aPF3105
100 1 _aDurrell, Martin.
245 1 0 _aHammer's German grammar and usage /
_crevised by Martin Durrell.
250 _a2nd ed.
260 _aLondon :
_bEdward Arnold,
_c1995.
300 _a544 p. ;
_c24 cm.
504 _aIncludes bibliographical references.
500 _aIncludes index.
504 _aIncludes bibliographical references: p. 523-526.
650 0 _aGerman language
_xGrammar.
650 0 _aGerman language
_xUsage.
650 0 _aGerman language
_xTextbooks for foreign speakers
_xEnglish.
700 1 _aHammer, A. E.
_q(Alfred Edward).
_tGerman grammar and usage.
907 _a.b10155740
_b09-03-05
_c01-03-05
003
005 20230123133935.0
040 _cNUST
942 _cBOOKS
_kPF3105
999 _c157253
_d157253